Spanish Verbs - Statistics

General Stats
  • This quiz has been taken 1,485 times
  • The average score is 21 of 30
Answer Stats
Hint Answer % Correct
to sleep dormir
93%
to go ir
93%
to make/to do hacer
92%
to play jugar
92%
to want querer
91%
to count contar
88%
to see ver
88%
to think pensar
87%
to say decir
84%
to be able to (can) poder
84%
to understand entender
80%
to prefer preferir
79%
to put poner
77%
to repeat repetir
77%
to hear oir
76%
to close cerrar
73%
to lose perder
71%
to begin empezar
70%
to leave salir
67%
to bring traer
67%
to return volver
66%
to remember recordar
65%
to find encontrar
63%
to show mostrar
54%
to eat lunch almorzar
53%
to follow seguir
52%
to ask pedir
51%
to begin comenzar
46%
to suppose suponer
34%
to get conseguir
11%
No matching quizzes found
Score Distribution
Percent of People with Each Score
Percentile by Number Answered
Your Score History
You have not taken this quiz